| 000 | 00000nam##2200000za#4500 |
| 001 | 9.640610 |
| 003 | CaOODSP |
| 005 | 20210624222746 |
| 007 | cr ||||||||||| |
| 008 | 150407|2000||||xxc|||||o f|0| 0 fre|d |
| 040 | |aCaOODSP|bfre |
| 043 | |an-cn--- |
| 086 | 1 |aH34-105/2000-4F-PDF |
| 110 | 1 |aCanada.|bSanté Canada. |bDirection générale des services médicaux. |
| 245 | 10|aActivités préliminaires à la prestation des services - 4 |h[ressource électronique] |
| 246 | 3 |aGuide de planification - soins à domicile et en milieu communautaire des Premières Nations et des Inuits |
| 260 | |bSanté Canada. |cc2000. |
| 300 | |a149p.|bfigures, graphiques, tableaux, photographies |
| 500 | |aLe n° de catalogue (H34-105/2000-4F) et l'ISBN (0-662-84452-1) de l'édition imprimée ont été incorrectement copiés dans l'édition électronique. |
| 590 | |a12-35-Supp|b2012-08-09 |
| 691 | 07|aAffaires autochtones|2gcpds |
| 691 | 07|aÉducation communautaire|2gcpds |
| 691 | 07|aSoins de santé|2gcpds |
| 775 | 08|tPreparation activities - 4 |w(CaOODSP)9.696495 |
| 856 | 40|ahttp://publications.gc.ca|qPDF|s2.17 Mo|uhttps://publications.gc.ca/collections/Collection/H34-105-2000-4F.pdf |